000 00350 a2200109 4500
001 ART_12276
005 20260410161904.0
008 260409a
245 1 0 _aProblems with the estimation of moving average processes
100 1 _aDavidson, James E. H.
773 0 _tJournal of econometrics
_g- Vol. 16, NÂș 3 (ago. 1981)
_wREV11720
999 _c26224
_d26224